| 000 | 00393nam a2200145Ia 4500 | ||
|---|---|---|---|
| 008 | 230128s9999 xx 000 0 und d | ||
| 041 | _aeng | ||
| 082 |
_aNAW PR0476 _bNAW |
||
| 100 |
_aNawale Harshada - 2K101124 _9118927 |
||
| 245 | _aA Study of Skill Gap Analysis at CCI | ||
| 260 |
_c2012 _bPune University _aNashik |
||
| 300 | _a60p | ||
| 502 | _cPantawane Nivedita | ||
| 999 |
_c97225 _d97225 |
||